Semana de las naciones cautivas 1985: foro sobre asuntos del continente chino
Saved in:
| Format: | Bog |
|---|---|
| Sprog: | spansk |
| Udgivet: |
Taiwán
Liga Mundial Anticomunista
1985
|
| Fag: | |
| Tags: |
Tilføj Tag
Ingen Tags, Vær først til at tagge denne postø!
|
MARC
| LEADER | 00000nam a2200000 a 4500 | ||
|---|---|---|---|
| 001 | UCO2344 | ||
| 003 | CL-VaPUC | ||
| 008 | 000602e19850000ch |||||||||||||||||spa|d | ||
| 082 | 0 | 4 | |a 951.05 |b SEM |2 21 |
| 245 | 1 | 0 | |a Semana de las naciones cautivas 1985: foro sobre asuntos del continente chino |
| 300 | |a 71 p | ||
| 942 | |c BK | ||
| 945 | |d 20000602 00:00:00 |a rherrera | ||
| 260 | |a Taiwán |b Liga Mundial Anticomunista |c 1985 | ||
| 650 | 7 | |a HISTORIA DE CHINA SIGLO 20 |2 CL-VaPUC |9 445439 | |
| 651 | 0 | |a China |9 257545 | |
| 583 | |a last modification |c 20160912 04:51:21 |k Rodrigo Vera | ||
| 999 | |c 288879 |d 288877 | ||
| 952 | |0 0 |1 0 |4 0 |6 951_050000000000000_SEM_1985 |7 0 |8 A |9 336842 |a BIBHIS |b BIBHIS |d 2019-11-20 |i 1285416 |o 951.05 SEM 1985 |p 1285416 |r 2025-01-20 |w 2019-11-20 |y BK |k HIS | ||
| 952 | |0 0 |1 0 |4 0 |6 951_050000000000000_SEM_1985 |7 0 |8 A |9 336843 |a BIBHIS |b BIBHIS |d 2019-11-20 |i 1285424 |o 951.05 SEM 1985 |p 1285424 |r 2025-01-20 |w 2019-11-20 |y BK |k HIS | ||